| 000 | 00416nam a22001697a 4500 | ||
|---|---|---|---|
| 003 | SGT | ||
| 020 | _a9780702077067 | ||
| 082 |
_a611 _bA26S |
||
| 100 | _aSTANDRING, SUSAN,ed. | ||
| 245 | _aANATOMY: THE ANATOMICAL BASIS OF CLINICAL PRACTICE | ||
| 250 | _a1ST | ||
| 260 |
_aINDIA _bELSEVIER _c2016 |
||
| 300 | _a1588 | ||
| 650 | _aANATOMY | ||
| 653 | _aANATOMY, ANATOMICAL, CLINICAL, PRACTICE | ||
| 942 |
_2ddc _cBK |
||
| 999 |
_c29155 _d29155 |
||